Marilyn Monroe Trivia - Statistics

General Stats
  • This quiz has been taken 36 times
  • The average score is 12 of 20
Answer Stats
Questions Answer % Correct
In December 1953, which infamous magazine did Marilyn appear on the cover of? Playboy
87%
What colour of lipstick was Marilyn often photographed wearing? Red
84%
Which president did Marilyn sing happy birthday to? John F. Kennedy
81%
What is the name of the song Marilyn sings wearing a pink dress and lots of jewellery in Gentlemen Prefer Blondes? Diamonds are a Girl's Best Friend
77%
Complete this Marilyn film title: How to Marry a _________ Millionaire
77%
What kind of symbol was Marilyn portrayed as? Sex symbol
74%
What was Marilyn's real name? Norma Jeane Mortenson
68%
In which film does Marilyn wear her famous white dress above a subway grate? The Seven Year Itch
68%
Who was Marilyn's last husband? Arthur Miller
65%
How did Marilyn die? Barbiturate overdose
65%
In which film do Jack Lemmon and Tony Curtis dress up in drag across from Marilyn? Some Like it Hot
65%
In 1956, which religion did Marilyn convert to? Judaism
61%
In which area of the world did Marilyn sing for more than 100,000 troops? Korea
58%
Which 1950 film, starring Bette Davis and Anne Baxter did Marilyn have a minor role in? All About Eve
39%
Which iconic role played by Audrey Hepburn was Marilyn supposed to play? Holly Golightly
39%
Who is controversially buried next to Marilyn? Hugh Hefner
35%
In which film does Marilyn star with Clark Gable? The Misfits
35%
What was supposed to be Marilyn's last films, but she tragically died before filming could finish? Something's Got to Give!
32%
What is Marilyn's characters name in Some Like it Hot? Sugar Kane Kowalczyk
32%
Who was Marilyn's male co-star in Monkey Business? Cary Grant
23%
No matching quizzes found
Score Distribution
Percent of People with Each Score
Percentile by Number Answered
Your Score History
You have not taken this quiz